Η κοινωνιολογία στην Ελλάδα σήμερα : με κείμενα τριάντα συγγραφέων

Αποθηκεύτηκε σε:
Λεπτομέρειες βιβλιογραφικής εγγραφής
Κύριος συγγραφέας: Λαμπίρη-Δημάκη, Ιωάννα, 1935-
Μορφή: Βιβλίο
Γλώσσα:Greek
Δημοσίευση: Αθήνα : Παπαζήση, 1987
Θέματα:
Ετικέτες: Προσθήκη ετικέτας
Δεν υπάρχουν, Καταχωρήστε ετικέτα πρώτοι!

MARC

LEADER 00000cam a2200000 i 4500
001 1/13573
008 980316s1987 gr | ||| |||| ||gre||
020 |a 9600203199 
035 |l 10019094 
040 |a GR-MY-UA  |b gre  |e aacr 
041 0 |a gre 
082 0 |a 301 
100 1 |a Λαμπίρη-Δημάκη, Ιωάννα,   |d 1935- 
245 1 2 |a Η κοινωνιολογία στην Ελλάδα σήμερα :  |b με κείμενα τριάντα συγγραφέων /  |c Ιωάννα Λαμπίρη-Δημάκη 
260 |a Αθήνα :   |b Παπαζήση,   |c 1987  
300 |a 440 σ. 
504 |a Περιέχει βιογραφικά 
650 0 0 |a Sociology. 
650 0 0 |a Sociology  |z Greece. 
852 |a INST  |b LESVOS  |e 19980316  |h 301 ΛΑΜ  |p 005100014757  |q 005100014757  |t BK  |y 0 
901 |a BIBL-1998-2 
909 |a Λ  |b 054249 
922 |a 1ΕΛΗ  |b 199802  |c ΚΠΣ/ΤΚΑ  |d EMVASIS 
950 |a 117-1998-01-28